[Event "VIE-ch U13 Girls"]
[Site "Ho Chi Minh City"]
[Date "2022.07.16"]
[Round "8"]
[White "Hau, Nguyen Kim Ngan"]
[Black "Quan, My Linh"]
[Result "1-0"]
[WhiteElo "2131"]
[BlackElo "2134"]
[PlyCount "97"]
[EventDate "2022.07.11"]
[EventType "swiss"]
[EventRounds "9"]
[EventCountry "VIE"]
[SourceTitle "EXT 2023"]
[Source "ChessBase"]
[SourceDate "2022.10.05"]
[SourceVersion "1"]
[SourceVersionDate "2022.10.05"]
[SourceQuality "1"]

1. e4 c5 2. Nc3 Nc6 3. g3 g6 4. Bg2 Bg7 5. d3 d6 6. f4 e6 7. Nf3 Nge7 8. 0-0 0-0 9. g4 f5 10. h3 Rb8 11. Rb1 b6 12. Ne2 d5 13. e5 Qc7 14. g5 d4 15. h4 Rd8 16. Ng3 b5 17. h5 Ba6 18. hxg6 hxg6 19. Nh5 Kf7 20. Nf6 c4 21. b3 cxd3 22. cxd3 Nb4 23. Ba3 Nxa2 24. Bd6 Qb6 25. Bxb8 Nc3 26. Bc7 Qxc7 27. Rc1 Qb6 28. Qd2 b4 29. Kh2 Rh8+ 30. Kg3 Ne4+ 31. dxe4 Bxf1 32. Bxf1 fxe4 33. Nxe4 Nf5+ 34. Kf2 d3+ 35. Ke1 Rd8 36. Bxd3 Bf8 37. Ke2 a5 38. Nd6+ Nxd6 39. exd6 Bxd6 40. Nh4 a4 41. Bxg6+ Kg8 42. bxa4 Bc5 43. Qc2 Be3 44. Bh7+ Kh8 45. Ng6+ Kxh7 46. Ne5+ Kh8 47. Rh1+ Kg7 48. Qg6+ Kf8 49. Qf7# 1-0

[Event "VIE-ch U13 Girls"]
[Site "Ho Chi Minh City"]
[Date "2022.07.15"]
[Round "7"]
[White "Hau, Nguyen Kim Ngan"]
[Black "Huynh, Phuc Minh Phuong"]
[Result "1-0"]
[WhiteElo "2131"]
[BlackElo "2140"]
[PlyCount "119"]
[EventDate "2022.07.11"]
[EventType "swiss"]
[EventRounds "9"]
[EventCountry "VIE"]
[SourceTitle "EXT 2023"]
[Source "ChessBase"]
[SourceDate "2022.10.05"]
[SourceVersion "1"]
[SourceVersionDate "2022.10.05"]
[SourceQuality "1"]

1. e4 c6 2. d4 d5 3. e5 Bf5 4. g4 Be4 5. f3 Bg6 6. h4 h5 7. g5 e6 8. Bd3 Bxd3 9. Qxd3 Ne7 10. Ne2 Nf5 11. g6 Nxh4 12. gxf7+ Kxf7 13. Nf4 Nf5 14. c4 Bb4+ 15. Nc3 dxc4 16. Qxc4 Nxd4 17. Kf2 c5 18. Qd3 Nf5 19. Ncd5 Nc6 20. Nxe6 Kxe6 21. Nf4+ Kxe5 22. Qe4+ Kd6 23. Qd5+ Kc7 24. Ne6+ Kb6 25. Nxd8 Nfe7 26. Qe4 Raxd8 27. a3 Bd2 28. b4 cxb4 29. Bb2 Rhe8 30. Rxh5 g6 31. Rh3 Nf5 32. Qc4 Be3+ 33. Kg2 Rd2+ 34. Kh1 Ng3+ 35. Rxg3 Rxb2 36. Rh3 Rd8 37. Qf7 bxa3 38. Rh7 Kc5 39. Qf6 Bd4 40. Rc1+ Kb6 41. Rxc6+ bxc6 42. Qxd8+ Kc5 43. Qa5+ Kc4 44. Qxa3 Rb1+ 45. Kg2 Rg1+ 46. Kh2 Ra1 47. Qd6 Ra5 48. Qxc6+ Rc5 49. Qa4+ Kd3 50. Rxa7 Rc2+ 51. Kg3 Bf2+ 52. Kh3 Bxa7 53. Qxa7 Ke2 54. Qb7 Kf2 55. Qe4 Rc3 56. Kg4 Re3 57. Qf4 g5 58. Qh2+ Ke1 59. Qg1+ Kd2 60. Qf2+ 1-0

[Event "VIE-ch U13 Girls"]
[Site "Hanoi"]
[Date "2022.06.17"]
[Round "9"]
[White "Hau, Nguyen Kim Ngan"]
[Black "Ngo, Bao Quyen"]
[Result "1-0"]
[WhiteElo "2141"]
[BlackElo "2132"]
[PlyCount "63"]
[EventDate "2022.06.11"]
[EventType "swiss"]
[EventRounds "9"]
[EventCountry "VIE"]
[SourceTitle "EXT 2023"]
[Source "ChessBase"]
[SourceDate "2022.10.05"]
[SourceVersion "1"]
[SourceVersionDate "2022.10.05"]
[SourceQuality "1"]

1. e4 c5 2. Nc3 Nc6 3. g3 g6 4. Bg2 Bg7 5. f4 d6 6. Nf3 e6 7. d3 Nge7 8. 0-0 0-0 9. g4 Rb8 10. Rb1 b5 11. Ne2 Bb7 12. Ng3 f5 13. c3 c4 14. d4 fxe4 15. Ng5 Qc8 16. N5xe4 Rd8 17. Qe2 Nd5 18. f5 exf5 19. gxf5 Qd7 20. f6 Bf8 21. Bg5 Qf7 22. Bh4 h6 23. Qd2 Nc7 24. Bg5 h5 25. Bh6 Bxh6 26. Qxh6 Ne6 27. Ng5 Nxg5 28. Qxg5 Na5 29. Nf5 Kh8 30. Ne7 Rd7 31. Nxg6+ Kh7 32. Qxh5+ 1-0

[Event "VIE-ch U13 Girls"]
[Site "Hanoi"]
[Date "2022.06.13"]
[Round "4"]
[White "Dang, Thu Thuy"]
[Black "Hau, Nguyen Kim Ngan"]
[Result "1/2-1/2"]
[WhiteElo "2131"]
[BlackElo "2141"]
[PlyCount "90"]
[EventDate "2022.06.11"]
[EventType "swiss"]
[EventRounds "9"]
[EventCountry "VIE"]
[SourceTitle "EXT 2023"]
[Source "ChessBase"]
[SourceDate "2022.10.05"]
[SourceVersion "1"]
[SourceVersionDate "2022.10.05"]
[SourceQuality "1"]

1. e4 c5 2. Nf3 Nc6 3. c4 g6 4. d4 cxd4 5. Nxd4 Qb6 6. Nb3 Bg7 7. Be3 Qc7 8. Qd2 d6 9. Nc3 Nf6 10. Be2 0-0 11. 0-0 Ng4 12. Bxg4 Bxg4 13. f3 Be6 14. Nd5 Qd8 15. Nd4 Bxd5 16. cxd5 Ne5 17. Rfc1 Qd7 18. b3 Rfc8 19. Rxc8+ Rxc8 20. h3 f5 21. exf5 gxf5 22. f4 Ng6 23. Rc1 Rxc1+ 24. Qxc1 Nxf4 25. Bxf4 Bxd4+ 26. Be3 Bxe3+ 27. Qxe3 Qc8 28. Kh2 Qd7 29. Qxa7 Qb5 30. Qd4 Qc5 31. Qd3 Qf2 32. Qb5 Kf7 33. a4 b6 34. b4 h5 35. Qd3 Qf4+ 36. Kg1 Kf6 37. Qc3+ Qe5 38. Qd2 f4 39. a5 bxa5 40. bxa5 e6 41. dxe6 Kxe6 42. Qa2+ d5 43. a6 Qe1+ 44. Kh2 Qg3+ 45. Kg1 Qe1+ 1/2-1/2